00513nam a2200145Ia 4500003000900000008004100009020002600050040001600076100002100092245006600113260003200179300002000211490003300231856010300264IN-BaIIA211028s9999 xx s 000 0 eng d a9780819418845 (Print) cIIA Library aSoileau, MJ, ed. 0a1995 International Conference on Education in Opticsh[eBook] aWashington, USAbSPIEc1995 aOnline resource aProceedings of SPIE; V. 2525 uhttps://www.spiedigitallibrary.org/conference-proceedings-of-spie/2525yClick Here to Access eBook